Fluid Structure Interaction Model for Cerebral Aneurysm in the Presence of Magnetic Field / (Record no. 527962)
[ view plain ]
| 000 -LEADER | |
|---|---|
| fixed length control field | 00468nam a22001337a 4500 |
| 082 ## - DEWEY DECIMAL CLASSIFICATION NUMBER | |
| Classification number | 510 |
| 245 ## - TITLE STATEMENT | |
| Title | Fluid Structure Interaction Model for Cerebral Aneurysm in the Presence of Magnetic Field / |
| Statement of responsibility, etc. | Muhammad Shoaib. |
| 260 ## - PUBLICATION, DISTRIBUTION, ETC. | |
| Name of publisher, distributor, etc. | NBS - NUST, |
| 650 ## - SUBJECT ADDED ENTRY--TOPICAL TERM | |
| Topical term or geographic name entry element | Mathematics - M. Phil Thesis. |
| 700 ## - ADDED ENTRY--PERSONAL NAME | |
| Personal name | Dr. Asim Aziz. |
| 856 ## - Uniform Resource Identifier | |
| Uniform Resource Identifier | <a href="http://10.250.8.41:8080/xmlui/handle/123456789/4073">http://10.250.8.41:8080/xmlui/handle/123456789/4073</a> |
| 942 ## - ADDED ENTRY ELEMENTS (KOHA) | |
| Source of classification or shelving scheme | |
| Koha item type | Thesis |
| 650 ## - SUBJECT ADDED ENTRY--TOPICAL TERM | |
| -- | 16594 |
| 700 ## - ADDED ENTRY--PERSONAL NAME | |
| -- | 16739 |
| Withdrawn status | Lost status | Source of classification or shelving scheme | Damaged status | Not for loan | Permanent Location | Current Location | Shelving location | Date acquired | Total Checkouts | Full call number | Barcode | Date last seen | Price effective from | Koha item type |
|---|---|---|---|---|---|---|---|---|---|---|---|---|---|---|
| Central Library (CL) | Central Library (CL) | Thesis | 08/23/2019 | 510 | CL-T-2195 | 08/23/2019 | 08/23/2019 | Thesis | ||||||
| Central Library (CL) | Central Library (CL) | Thesis | 08/23/2019 | 510 | CL-T-2194 | 08/23/2019 | 08/23/2019 | Thesis |
